000 00286nam a22001337a 4500
008 170922b xxu||||| |||| 00| 0 eng d
020 _a082116012504
041 _aeng
080 _a37
100 _a46
101 _aEDU
245 _aGRAMMAR TUTORING SYSTEM
_cGUIDE
942 _2udc
_cBK
999 _c29215
_d29215